| 000 -LEADER |
| fixed length control field |
00430 a2200157 4500 |
| 003 - CONTROL NUMBER IDENTIFIER |
| control field |
OSt |
| 005 - DATE AND TIME OF LATEST TRANSACTION |
| control field |
20240729171504.0 |
| 008 - FIXED-LENGTH DATA ELEMENTS--GENERAL INFORMATION |
| fixed length control field |
240729b ||||| |||| 00| 0 eng d |
| 020 ## - INTERNATIONAL STANDARD BOOK NUMBER |
| International Standard Book Number |
9780060525347 |
| 082 ## - DEWEY DECIMAL CLASSIFICATION NUMBER |
| Classification number |
726.509224563 |
| 100 ## - MAIN ENTRY--PERSONAL NAME |
| Personal name |
Jake Morrissey |
| 245 ## - TITLE STATEMENT |
| Title |
The Genius in the Design: Bernini, Borromini, and the Rivalry That Transformed Rome |
| 260 ## - PUBLICATION, DISTRIBUTION, ETC. (IMPRINT) |
| Name of publisher, distributor, etc |
Harper Perennial |
| Date of publication, distribution, etc |
2006 |
| 300 ## - PHYSICAL DESCRIPTION |
| Extent |
320p; |
| 942 ## - ADDED ENTRY ELEMENTS (KOHA) |
| Source of classification or shelving scheme |
|